[Event "VII Festival A"]
[Site "Nereto ITA"]
[Date "2002.08.15"]
[Round "5"]
[White "Sbraccia, Giovanni"]
[Black "Fraser-Mitchell, Jeremy N."]
[Result "1-0"]
[WhiteElo "2130"]
[BlackElo "2078"]
[PlyCount "85"]
[EventDate "2002.08.11"]

1. Nf3 f5 2. g3 Nf6 3. Bg2 d6 4. d4 g6 5. c4 Bg7 6. Nc3 O-O 7. O-O Qe8 8. e4
fxe4 9. Ng5 c6 10. Ngxe4 Nxe4 11. Nxe4 Na6 12. Be3 Bd7 13. Qd2 Rb8 14. Rae1 Qf7
15. b3 Nc7 16. Ng5 Qf6 17. Qa5 Na6 18. b4 h6 19. b5 cxb5 20. Bd5+ Kh8 21. Ne4
Qf5 22. Qd2 bxc4 23. Nc3 Qh5 24. Bxc4 Bh3 25. Be2 Rf3 26. Rb1 Bxf1 27. Rb5 Qh3
28. Bxf1 Qd7 29. Bxh6 Rc8 30. Ne4 Qg4 31. Bxg7+ Kxg7 32. Ng5 Rf5 33. Bh3 Qxg5
34. Qxg5 Rxg5 35. Rxg5 Rc1+ 36. Kg2 b6 37. Bd7 Kf6 38. h4 Rd1 39. Be8 e5 40.
dxe5+ dxe5 41. Rxg6+ Kf5 42. Rg7 Rd2 43. h5 1-0

[Event "VII Festival A"]
[Site "Nereto ITA"]
[Date "2002.08.15"]
[Round "5"]
[White "Scivales, Daniel"]
[Black "Patavia, Antonio"]
[Result "0-1"]
[WhiteElo "1916"]
[BlackElo "2099"]
[PlyCount "68"]
[EventDate "2002.08.11"]

1. d4 Nf6 2. Nf3 e6 3. c4 b6 4. e3 Bb7 5. Be2 Be7 6. O-O O-O 7. Nbd2 d5 8. b3
Nbd7 9. Bb2 Ne4 10. cxd5 exd5 11. Rc1 f5 12. Bb5 c5 13. Bxd7 Qxd7 14. Ne5 Qe6
15. f3 Nf6 16. f4 Rac8 17. dxc5 bxc5 18. Ndf3 Ne4 19. Re1 Ba6 20. Ba3 Rfd8 21.
Qc2 Bf6 22. Red1 Be7 23. Qb2 Bf6 24. Qc2 d4 25. exd4 cxd4 26. Nc4 Bxc4 27. bxc4
Nc3 28. Rd2 d3 29. Rxd3 Ne2+ 30. Kf1 Rxd3 31. Qxd3 Nxc1 32. Bxc1 Qxc4 33. Qxc4+
Rxc4 34. Bd2 Ra4 0-1

[Event "VII Festival A"]
[Site "Nereto ITA"]
[Date "2002.08.15"]
[Round "5"]
[White "Voltolini, Giuseppe"]
[Black "D'Innocente, Stefano"]
[Result "1-0"]
[WhiteElo "2285"]
[BlackElo "2225"]
[PlyCount "73"]
[EventDate "2002.08.11"]

1. e4 c5 2. Nc3 Nc6 3. f4 g6 4. Nf3 Bg7 5. Bc4 e6 6. O-O Nge7 7. d3 O-O 8. Qe1
d5 9. Bb5 a6 10. Bxc6 Nxc6 11. e5 f6 12. exf6 Bxf6 13. Qg3 Bd7 14. Bd2 Nd4 15.
Nxd4 Bxd4+ 16. Kh1 Bc6 17. Rab1 Qd6 18. Nd1 Bg7 19. Ne3 e5 20. Ng4 e4 21. dxe4
dxe4 22. Be3 Bd7 23. Rfd1 Qc7 24. Qh4 Be6 25. a3 Kh8 26. Ne5 Kg8 27. h3 Bf6 28.
Qe1 Bxe5 29. fxe5 Qxe5 30. b4 c4 31. Bc5 Rfd8 32. Qh4 g5 33. Qh6 Bf7 34. Be3
Bd5 35. Bd4 Qc7 36. Qxg5+ Kf8 37. Bc5+ 1-0

[Event "VII Festival A"]
[Site "Nereto ITA"]
[Date "2002.08.16"]
[Round "6"]
[White "Astengo, Marcello"]
[Black "Maupin, Jean-Paul"]
[Result "0-1"]
[WhiteElo "2124"]
[BlackElo "2051"]
[PlyCount "98"]
[EventDate "2002.08.11"]

1. d4 d5 2. Nf3 Nf6 3. Bf4 Bf5 4. e3 e6 5. Ne5 Nfd7 6. Nd2 Nxe5 7. Bxe5 Nd7 8.
Bg3 c5 9. c3 Qb6 10. Qb3 cxd4 11. exd4 a6 12. Be2 Be7 13. O-O O-O 14. Rfe1 Qa7
15. Rad1 b5 16. Bf3 Nb6 17. Nf1 Rac8 18. Ne3 Bg6 19. Be2 Rc6 20. Ng4 Nc4 21.
Bd3 Bxd3 22. Rxd3 f5 23. Ne5 Nxe5 24. Bxe5 a5 25. Qd1 b4 26. Ree3 Rfc8 27. Qd2
bxc3 28. bxc3 Qb7 29. h4 Bxh4 30. Rh3 Qe7 31. Qf4 Bg5 32. Qh2 h6 33. f4 Bf6 34.
Rdg3 Kh7 35. Re3 Rb6 36. Qg3 Rb1+ 37. Kh2 Rb2 38. Qe1 Rc6 39. a4 Ra2 40. Qd1
Rc4 41. Reg3 Bxe5 42. fxe5 Qf7 43. Qb1 Rcxa4 44. Re3 Ra1 45. Qb5 R4a2 46. c4
dxc4 47. Qxc4 Rd2 48. Rh4 Rad1 49. Kg3 g5 0-1

[Event "VII Festival A"]
[Site "Nereto ITA"]
[Date "2002.08.16"]
[Round "6"]
[White "Brunello, Sabino"]
[Black "Sbraccia, Giovanni"]
[Result "1-0"]
[WhiteElo "1957"]
[BlackElo "2130"]
[PlyCount "39"]
[EventDate "2002.08.11"]

1. e4 c6 2. d4 d5 3. e5 Bf5 4. c3 e6 5. Be3 Ne7 6. Nd2 Nd7 7. f4 h5 8. Ngf3 b5
9. a4 a6 10. b4 Nb6 11. axb5 axb5 12. Nb3 Nc4 13. Bf2 Ra3 14. Bxc4 Rxa1 15.
Qxa1 dxc4 16. Nc5 Qb8 17. Qa6 g6 18. Bh4 Bh6 19. O-O Qc8 20. Ra1 1-0

[Event "VII Festival A"]
[Site "Nereto ITA"]
[Date "2002.08.16"]
[Round "6"]
[White "D'Innocente, Stefano"]
[Black "Piva, Giorgio"]
[Result "1-0"]
[WhiteElo "2225"]
[BlackElo "2135"]
[PlyCount "65"]
[EventDate "2002.08.11"]

1. e4 c5 2. Nf3 d6 3. d4 cxd4 4. Nxd4 Nf6 5. f3 Nc6 6. c4 Qb6 7. Nc2 g6 8. Nc3
Bg7 9. Rb1 Ng4 10. Qd2 Bxc3 11. Qxc3 Qf2+ 12. Kd1 O-O 13. Bd2 Nf6 14. Qe3 Qxe3
15. Nxe3 a5 16. Bc3 Nd7 17. h4 f6 18. Be2 Nb6 19. b3 f5 20. h5 g5 21. exf5 Bxf5
22. Nxf5 Rxf5 23. Bd3 Rf7 24. a3 d5 25. h6 dxc4 26. bxc4 Na4 27. Kc2 e6 28. Rh5
Nxc3 29. Rxg5+ Kf8 30. Kxc3 Rd8 31. Rg7 Rdd7 32. Rxf7+ Rxf7 33. Be4 1-0

[Event "VII Festival A"]
[Site "Nereto ITA"]
[Date "2002.08.16"]
[Round "6"]
[White "Natoli, Domenico"]
[Black "Tribuiani, Renato"]
[Result "0-1"]
[WhiteElo "1704"]
[BlackElo "2097"]
[PlyCount "74"]
[EventDate "2002.08.11"]

1. d4 e6 2. c4 f5 3. Nf3 Nf6 4. g3 b6 5. Bg2 Bb7 6. O-O Be7 7. Nc3 O-O 8. b3 d6
9. Bb2 Qe8 10. Rc1 Qh5 11. e3 g5 12. d5 e5 13. e4 f4 14. Nd2 Qh6 15. g4 Na6 16.
h3 Nc5 17. Qe2 a5 18. Nb5 Na6 19. a4 Bc8 20. Rfd1 Bd7 21. f3 Qg6 22. Kf2 h5 23.
Rh1 Rf7 24. Rh2 Rh7 25. Rch1 Kf7 26. Ke1 Rah8 27. Bf1 Rh6 28. Qf2 Qh7 29. Be2
hxg4 30. fxg4 Bxg4 31. Nf3 Bxf3 32. Bxf3 Nxe4 33. Bxe4 Qxe4+ 34. Kf1 g4 35.
hxg4 Rxh2 36. Rxh2 Rxh2 37. Qxh2 Qb1+ 0-1

[Event "VII Festival A"]
[Site "Nereto ITA"]
[Date "2002.08.16"]
[Round "6"]
[White "Pacilli, Emanuele"]
[Black "Ruggeri, Pietro"]
[Result "0-1"]
[WhiteElo "2142"]
[BlackElo "2106"]
[PlyCount "42"]
[EventDate "2002.08.11"]

1. e4 c5 2. Nf3 d6 3. d4 cxd4 4. Nxd4 Nf6 5. Nc3 Nc6 6. Be2 g6 7. Be3 Bg7 8.
O-O O-O 9. f4 Qb6 10. Na4 Qa5 11. Nc3 Qb6 12. Na4 Qa5 13. Nxc6 bxc6 14. Nc3 Rb8
15. Rb1 Be6 16. Qe1 Kh8 17. Qh4 Rxb2 18. Rxb2 Qxc3 19. Bc1 Nxe4 20. Rb7 Qxc2
21. Bh5 Qc5+ 0-1

[Event "VII Festival A"]
[Site "Nereto ITA"]
[Date "2002.08.16"]
[Round "6"]
[White "Profumo, Alberto"]
[Black "Zufic, Miroslav"]
[Result "0-1"]
[WhiteElo "2253"]
[BlackElo "2349"]
[PlyCount "74"]
[EventDate "2002.08.11"]

1. Nf3 Nf6 2. g3 g6 3. d4 Bg7 4. Bg2 O-O 5. c4 d6 6. Nc3 c6 7. O-O Qa5 8. e4
Bg4 9. h3 Bxf3 10. Qxf3 Nfd7 11. Be3 c5 12. dxc5 dxc5 13. Rfd1 Ne5 14. Qe2 Nec6
15. a3 Nd4 16. Bxd4 Bxd4 17. e5 Nc6 18. Nb5 Rad8 19. Bxc6 bxc6 20. Nxd4 Rxd4
21. Rxd4 cxd4 22. b4 Qc7 23. c5 Qd7 24. Rd1 Qd5 25. Qd3 Rd8 26. Re1 a5 27. Re4
axb4 28. axb4 Qa2 29. Kg2 Qb2 30. Rf4 Qxb4 31. e6 f6 32. Qc2 Qb5 33. Rh4 d3 34.
Qd2 g5 35. Rh5 Qxc5 36. h4 Qd5+ 37. Kh2 Qf3 0-1

[Event "VII Festival A"]
[Site "Nereto ITA"]
[Date "2002.08.16"]
[Round "6"]
[White "Shytaj, Carlo"]
[Black "Scivales, Daniel"]
[Result "0-1"]
[WhiteElo "2112"]
[BlackElo "1916"]
[PlyCount "94"]
[EventDate "2002.08.11"]

1. e4 c5 2. c3 d5 3. exd5 Qxd5 4. d4 Nc6 5. Nf3 cxd4 6. cxd4 Bg4 7. Be2 e6 8.
Nc3 Qd8 9. Be3 Nf6 10. O-O Be7 11. Qb3 O-O 12. Rfd1 Na5 13. Qa4 Nd5 14. Rac1 a6
15. Nxd5 exd5 16. Bf4 b5 17. Qc2 Rc8 18. Qb1 Nc4 19. b3 Nd6 20. Rxc8 Qxc8 21.
Bd3 Bxf3 22. gxf3 Qh3 23. Bg3 f5 24. Re1 f4 25. Rxe7 fxg3 26. hxg3 Rxf3 27. Bf1
Qc8 28. Bg2 Rxf2 29. Bxd5+ Kh8 30. Kxf2 Qf8+ 31. Rf7 Nxf7 32. Qf5 Kg8 33. Be6
g6 34. Qf6 Qg7 35. Qd8+ Qf8 36. Qd7 Kg7 37. d5 Qc5+ 38. Kg2 Qc2+ 39. Kh3 Qf2
40. d6 Qf1+ 41. Kh4 Qf6+ 42. Kg4 h5+ 43. Kh3 Qxe6+ 44. Qxe6 Ng5+ 45. Kg2 Nxe6
46. Kf3 g5 47. Ke4 Kf6 0-1

[Event "VII Festival A"]
[Site "Nereto ITA"]
[Date "2002.08.17"]
[Round "7"]
[White "Cecchetto, Vanni"]
[Black "Della Corte, Alessandro"]
[Result "0-1"]
[WhiteElo "2062"]
[BlackElo "1915"]
[PlyCount "102"]
[EventDate "2002.08.11"]

1. e4 c5 2. c3 Nf6 3. e5 Nd5 4. d4 cxd4 5. Nf3 Nc6 6. cxd4 d6 7. Bc4 e6 8. O-O
Be7 9. Nc3 Nxc3 10. bxc3 dxe5 11. dxe5 O-O 12. Qe2 Qc7 13. Rd1 b6 14. Bf4 Bb7
15. Rac1 Rfd8 16. Nd4 Nxd4 17. cxd4 Qd7 18. Bb3 Rac8 19. Rxc8 Rxc8 20. Qg4 Bd5
21. Qg3 b5 22. Qd3 Bc4 23. Qe4 Qc6 24. Qxc6 Rxc6 25. h3 Ba3 26. Be3 Kf8 27.
Bxc4 bxc4 28. Bc1 Bb4 29. f4 Ra6 30. a3 Bxa3 31. Bxa3+ Rxa3 32. Rc1 Ra4 33. Kf2
Ke8 34. g4 Kd7 35. Ke3 Kc6 36. Ke4 a5 37. h4 Rb4 38. g5 g6 39. h5 a4 40. Rc3
gxh5 41. Rh3 Rb3 42. Rxh5 a3 43. Rh1 a2 44. Ra1 Ra3 45. d5+ exd5+ 46. Kf5 c3
47. Kf6 Ra7 48. f5 d4 49. e6 fxe6 50. Kxe6 d3 51. f6 d2 0-1

[Event "VII Festival A"]
[Site "Nereto ITA"]
[Date "2002.08.17"]
[Round "7"]
[White "Di Lascio, Savino"]
[Black "Fraser-Mitchell, Jeremy N."]
[Result "0-1"]
[WhiteElo "1918"]
[BlackElo "2078"]
[PlyCount "62"]
[EventDate "2002.08.11"]

1. Nf3 f5 2. g3 Nf6 3. Bg2 d6 4. O-O g6 5. d3 e5 6. c3 Bg7 7. Nbd2 O-O 8. Qb3+
Kh8 9. Ng5 d5 10. c4 h6 11. Ngf3 Nc6 12. Nh4 Kh7 13. cxd5 Nd4 14. Qd1 Nxd5 15.
e3 Nc6 16. e4 Nde7 17. Nb3 f4 18. Qc2 Bg4 19. f3 Bc8 20. g4 Bf6 21. Qf2 Ng8 22.
Nf5 gxf5 23. exf5 a5 24. Kh1 Bh4 25. Qc2 Nf6 26. Rd1 a4 27. Nc5 Nd4 28. Qc4 Nd5
29. Ne6 Bxe6 30. fxe6 b5 31. Qc5 Be7 0-1

[Event "VII Festival A"]
[Site "Nereto ITA"]
[Date "2002.08.17"]
[Round "7"]
[White "Lazarev, Vladimir"]
[Black "D'Innocente, Stefano"]
[Result "1-0"]
[WhiteElo "2458"]
[BlackElo "2225"]
[PlyCount "55"]
[EventDate "2002.08.11"]

1. d4 d5 2. c4 c6 3. Nf3 Nf6 4. e3 Bf5 5. Nc3 e6 6. Nh4 Bg4 7. Qb3 Qb6 8. h3
Bh5 9. g4 Bg6 10. Nxg6 hxg6 11. Bg2 Nbd7 12. Bd2 Be7 13. g5 Ng8 14. f4 O-O-O
15. Qa4 dxc4 16. Qxc4 Kb8 17. O-O-O Qc7 18. Kb1 Nb6 19. Qb3 Bd6 20. Rc1 Qd7 21.
Na4 Nd5 22. Rhf1 Rh4 23. Be1 Rh8 24. Bg3 Nb6 25. Nxb6 axb6 26. Rxc6 bxc6 27.
Qxb6+ Kc8 28. Bxc6 1-0

[Event "VII Festival A"]
[Site "Nereto ITA"]
[Date "2002.08.17"]
[Round "7"]
[White "Piva, Giorgio"]
[Black "Pacilli, Emanuele"]
[Result "1-0"]
[WhiteElo "2135"]
[BlackElo "2142"]
[PlyCount "47"]
[EventDate "2002.08.11"]

1. d4 Nf6 2. Bg5 c5 3. Nc3 cxd4 4. Qxd4 Nc6 5. Qh4 d6 6. e4 Qa5 7. Bxf6 gxf6 8.
Nf3 Be6 9. a3 h5 10. O-O-O Rc8 11. Nd5 Qa4 12. Nc3 Qa5 13. Nd5 b5 14. Kb1 b4
15. Rd3 Qa4 16. Rb3 Na5 17. Nd4 Rb8 18. Rxb4 Rxb4 19. axb4 Bd7 20. Qg3 Nb7 21.
Qc3 e5 22. Bb5 exd4 23. Qc8+ Nd8 24. Qxd7# 1-0

[Event "VII Festival A"]
[Site "Nereto ITA"]
[Date "2002.08.17"]
[Round "7"]
[White "Ruggeri, Pietro"]
[Black "Profumo, Alberto"]
[Result "1-0"]
[WhiteElo "2106"]
[BlackElo "2253"]
[PlyCount "95"]
[EventDate "2002.08.11"]

1. d4 d5 2. c4 e6 3. Nc3 Nf6 4. cxd5 exd5 5. Bg5 Be7 6. e3 O-O 7. Bd3 b6 8. Rc1
Nbd7 9. Nge2 Bb7 10. O-O c5 11. Bf4 Re8 12. Nb5 Nh5 13. Bc7 Qc8 14. Bd6 Bc6 15.
Nec3 Nhf6 16. Bg3 Rf8 17. Nc7 Rb8 18. Ba6 Qd8 19. N7b5 Ra8 20. Bc7 Qe8 21. Nd6
Bxd6 22. Bxd6 c4 23. Bb5 Qc8 24. Bxf8 Nxf8 25. b3 Bxb5 26. Nxb5 a6 27. Nc3 b5
28. Qf3 Qd8 29. bxc4 dxc4 30. Rfd1 Rc8 31. e4 b4 32. e5 Ne8 33. Ne4 Nd7 34. Qe2
Nb6 35. g3 Nc7 36. Nd6 Ncd5 37. Nxc8 Qxc8 38. Re1 a5 39. e6 fxe6 40. Qxe6+ Qxe6
41. Rxe6 Kf7 42. Rc6 c3 43. Kf1 a4 44. Ke2 b3 45. axb3 axb3 46. R1xc3 Nxc3+ 47.
Rxc3 b2 48. Rb3 1-0

[Event "VII Festival A"]
[Site "Nereto ITA"]
[Date "2002.08.17"]
[Round "7"]
[White "Safranska, Anda"]
[Black "Brunello, Sabino"]
[Result "1-0"]
[WhiteElo "2309"]
[BlackElo "1957"]
[PlyCount "81"]
[EventDate "2002.08.11"]

1. e4 e5 2. Nf3 Nc6 3. Bb5 d6 4. c3 Bd7 5. O-O Nf6 6. Re1 Be7 7. d3 O-O 8. a4
h6 9. Nbd2 Nh7 10. a5 a6 11. Bc4 Ng5 12. Nxg5 Bxg5 13. Nf1 Bxc1 14. Qxc1 Be6
15. Ne3 Bxc4 16. dxc4 Ne7 17. Qc2 Qc8 18. Qb3 Kh8 19. Re2 Rb8 20. c5 dxc5 21.
Qc4 b6 22. axb6 cxb6 23. Qxa6 Ra8 24. Qxa8 Qxa8 25. Rxa8 Rxa8 26. f3 b5 27. Rd2
Ra1+ 28. Kf2 Rb1 29. Ke2 Nc6 30. Nd1 Na5 31. Rd8+ Kh7 32. Rb8 b4 33. cxb4 cxb4
34. Rxb4 Nc6 35. Kd2 Nd4 36. Rb7 f6 37. Rd7 Kg6 38. f4 h5 39. Rd5 h4 40. h3 Nc6
41. Rd6 1-0

[Event "VII Festival A"]
[Site "Nereto ITA"]
[Date "2002.08.17"]
[Round "7"]
[White "Scivales, Daniel"]
[Black "Cerquitella, Luca"]
[Result "0-1"]
[WhiteElo "1916"]
[BlackElo "2083"]
[PlyCount "78"]
[EventDate "2002.08.11"]

1. d4 Nf6 2. Nf3 b6 3. g3 Bb7 4. Bg2 e6 5. O-O d5 6. b3 Bd6 7. Nbd2 O-O 8. Bb2
Nbd7 9. c4 Qe7 10. cxd5 exd5 11. Ne1 Rfe8 12. Bf3 Rad8 13. Ng2 Ne4 14. Ne3 Qg5
15. Nxe4 dxe4 16. Bg2 f5 17. Nc4 Nf6 18. Bc1 Qg6 19. b4 Nd5 20. b5 Kh8 21. e3
Qe6 22. Nxd6 Qxd6 23. a4 Qg6 24. Bd2 f4 25. gxf4 Nxf4 26. exf4 e3 27. f3 e2 28.
Qe1 exf1=Q+ 29. Qxf1 Rxd4 30. Bc1 Red8 31. Bb2 Rd2 32. Bc3 R2d3 33. Be5 Rxf3
34. Qe2 Re3 35. Qf2 Qxg2+ 36. Qxg2 Bxg2 37. Kxg2 Rd2+ 38. Kg1 Red3 39. Kf1 Rd1+
0-1

[Event "VII Festival A"]
[Site "Nereto ITA"]
[Date "2002.08.17"]
[Round "7"]
[White "Shytaj, Carlo"]
[Black "Natoli, Domenico"]
[Result "1-0"]
[WhiteElo "2112"]
[BlackElo "1704"]
[PlyCount "49"]
[EventDate "2002.08.11"]

1. e4 c5 2. c3 d5 3. exd5 Qxd5 4. d4 Nf6 5. Nf3 Bg4 6. Be2 e6 7. Be3 cxd4 8.
cxd4 Nc6 9. Nc3 Qa5 10. O-O Be7 11. Qb3 Qb4 12. Qxb4 Bxb4 13. a3 Ba5 14. h3 Bf5
15. g4 Bg6 16. Ne5 Nxe5 17. dxe5 Ne4 18. Bb5+ Ke7 19. Nxe4 Bxe4 20. Bc5+ Kd8
21. Rfd1+ Bd5 22. Bc4 Kc7 23. Bxd5 exd5 24. Rxd5 Rad8 25. Bd6+ 1-0

[Event "VII Festival A"]
[Site "Nereto ITA"]
[Date "2002.08.17"]
[Round "7"]
[White "Shytaj, Luca"]
[Black "Efimov, Igor"]
[Result "1-0"]
[WhiteElo "2216"]
[BlackElo "2463"]
[PlyCount "85"]
[EventDate "2002.08.11"]

1. e4 c5 2. Nf3 Nc6 3. d4 cxd4 4. Nxd4 Nf6 5. Nc3 d6 6. Bg5 Bd7 7. Qd2 Rc8 8.
f3 a6 9. O-O-O e6 10. g4 Be7 11. h4 b5 12. Nxc6 Bxc6 13. Bd3 O-O 14. Ne2 d5 15.
e5 Nd7 16. f4 b4 17. Nd4 Bb5 18. Kb1 Nc5 19. Bxe7 Qxe7 20. Nxb5 axb5 21. Qxb4
Rc7 22. f5 exf5 23. Bxf5 Ra8 24. Rxd5 g6 25. Rhd1 Kg7 26. a3 Raa7 27. h5 Ra4
28. Qxb5 Raa7 29. Qb4 Ra4 30. Qd2 h6 31. hxg6 fxg6 32. Rh1 Qg5 33. Qxg5 hxg5
34. Bd3 Rxg4 35. Re1 Rg2 36. e6 Nxd3 37. Rd7+ Kf6 38. Rf1+ Kxe6 39. Rxc7 Nf4
40. a4 Kd6 41. Rc8 Re2 42. a5 Kd7 43. Rc5 1-0

[Event "VII Festival A"]
[Site "Nereto ITA"]
[Date "2002.08.18"]
[Round "8"]
[White "Bruned, Yvain"]
[Black "Voltolini, Giuseppe"]
[Result "1-0"]
[WhiteElo "2029"]
[BlackElo "2285"]
[PlyCount "53"]
[EventDate "2002.08.11"]

1. e4 c5 2. Nf3 d6 3. d4 cxd4 4. Nxd4 Nf6 5. Nc3 g6 6. Be3 Bg7 7. f3 Nc6 8. Qd2
O-O 9. Bc4 Bd7 10. O-O-O Ne5 11. Bb3 Rc8 12. h4 h5 13. Bg5 Rc5 14. Kb1 b5 15.
g4 hxg4 16. f4 Nc4 17. Qe2 Qa5 18. Bxf6 Bxf6 19. Nd5 Rxd5 20. exd5 Rc8 21. c3
Rc5 22. h5 Rxd5 23. hxg6 fxg6 24. Qe4 Rf5 25. Qa8+ Kf7 26. Rh7+ Bg7 27. Qh8 1-0

[Event "VII Festival A"]
[Site "Nereto ITA"]
[Date "2002.08.18"]
[Round "8"]
[White "Cerquitella, Luca"]
[Black "Straub, Peter"]
[Result "1-0"]
[WhiteElo "2083"]
[BlackElo "2082"]
[PlyCount "53"]
[EventDate "2002.08.11"]

1. e4 c5 2. Nf3 a6 3. d4 cxd4 4. Nxd4 Nf6 5. Nc3 e5 6. Nb3 Bb4 7. Bd3 d5 8.
exd5 Qxd5 9. O-O Bxc3 10. bxc3 O-O 11. c4 Qc6 12. Re1 Nbd7 13. Bb2 Re8 14. Qd2
h6 15. Re3 Nh5 16. Rae1 Nf4 17. Rg3 Nxd3 18. cxd3 b5 19. c5 Kf8 20. d4 Bb7 21.
Na5 Qd5 22. c6 Bxc6 23. Ba3+ Kg8 24. Qxh6 g6 25. Nxc6 Qxc6 26. Rh3 Qf6 27. Qh7#
1-0

[Event "VII Festival A"]
[Site "Nereto ITA"]
[Date "2002.08.18"]
[Round "8"]
[White "Profumo, Alberto"]
[Black "Maupin, Jean-Paul"]
[Result "1-0"]
[WhiteElo "2253"]
[BlackElo "2051"]
[PlyCount "69"]
[EventDate "2002.08.11"]

1. Nf3 Nf6 2. g3 b6 3. Bg2 Bb7 4. c4 e6 5. O-O Be7 6. d4 O-O 7. Nc3 Ne4 8. Qc2
Nxc3 9. Qxc3 Be4 10. Bf4 d6 11. Qe3 Bb7 12. Qd3 f5 13. Rfe1 Bf6 14. Rad1 Nd7
15. Nh4 Bxg2 16. Nxg2 g5 17. Bc1 Bg7 18. f4 g4 19. e4 Rc8 20. exf5 exf5 21. Ne3
Qf6 22. Nd5 Qf7 23. Re7 Qh5 24. Rxd7 Rce8 25. Nxc7 Re4 26. Be3 Rf6 27. Nd5 Rh6
28. Qd2 Qe8 29. Rxa7 Kf8 30. Nc7 Qh5 31. Ra3 Qf7 32. Nd5 Qe6 33. Ra8+ Kf7 34.
Ra7+ Kf8 35. Re7 1-0

[Event "VII Festival A"]
[Site "Nereto ITA"]
[Date "2002.08.18"]
[Round "8"]
[White "Sansonetti, Giorgio"]
[Black "Scivales, Daniel"]
[Result "1-0"]
[WhiteElo "2133"]
[BlackElo "1916"]
[PlyCount "61"]
[EventDate "2002.08.11"]

1. d4 Nf6 2. Nf3 e6 3. Bg5 Be7 4. Nbd2 d5 5. e3 b6 6. c3 O-O 7. Bd3 Ba6 8. Bxa6
Nxa6 9. Ne5 Nb8 10. f4 Nfd7 11. Bxe7 Qxe7 12. O-O f6 13. Nxd7 Nxd7 14. e4 f5
15. exd5 exd5 16. Re1 Qd6 17. Qf3 Rae8 18. g3 Nf6 19. Re5 g6 20. Rae1 Ne4 21.
Qe3 c6 22. Nf3 Rb8 23. Ng5 Rfc8 24. g4 Nxg5 25. fxg5 fxg4 26. Re6 Qc7 27. Re7
Qd6 28. Rxa7 Rc7 29. Rxc7 Qxc7 30. Qe6+ Qf7 31. Qxc6 1-0

[Event "VII Festival A"]
[Site "Nereto ITA"]
[Date "2002.08.19"]
[Round "9"]
[White "Fercec, Nenad"]
[Black "Safranska, Anda"]
[Result "1/2-1/2"]
[WhiteElo "2494"]
[BlackElo "2309"]
[PlyCount "106"]
[EventDate "2002.08.11"]

1. e4 d6 2. d4 Nf6 3. Nc3 g6 4. Be3 c6 5. Qd2 b5 6. Bd3 Nbd7 7. Nf3 e5 8. dxe5
dxe5 9. h3 Bb7 10. O-O Bg7 11. a4 a6 12. Ne2 O-O 13. Ng3 Re8 14. c4 bxa4 15. c5
Nf8 16. Rxa4 N6d7 17. Bc4 Ne6 18. b4 Ndf8 19. Qa2 h6 20. Bxa6 Bxa6 21. Rxa6 Nd4
22. Nxd4 exd4 23. Bf4 h5 24. Rxa8 Qxa8 25. Qxa8 Rxa8 26. Rd1 Ra4 27. Bd2 Ne6
28. Kf1 Nc7 29. Ne2 Nb5 30. Nf4 Kf8 31. Nd3 Ke7 32. Rb1 Ra3 33. Ke2 Ke6 34. Rb2
f5 35. exf5+ Kxf5 36. Rc2 g5 37. f3 h4 38. Rc1 Ra2 39. Nf2 Be5 40. Kd3 Bf4 41.
Ne4 Bxd2 42. Nxd2 Kf4 43. Nc4 Rxg2 44. Nd6 Nc7 45. b5 cxb5 46. c6 Kxf3 47. Rf1+
Rf2 48. Rxf2+ Kxf2 49. Ne4+ Kf3 50. Nxg5+ Kf4 51. Nf7 Kg3 52. Ng5 Kf4 53. Nf7
Kg3 1/2-1/2

[Event "VII Festival A"]
[Site "Nereto ITA"]
[Date "2002.08.19"]
[Round "9"]
[White "Shytaj, Luca"]
[Black "Popchev, Milko"]
[Result "1/2-1/2"]
[WhiteElo "2216"]
[BlackElo "2419"]
[PlyCount "60"]
[EventDate "2002.08.11"]

1. e4 c5 2. Nf3 Nc6 3. d4 cxd4 4. Nxd4 d5 5. Bb5 dxe4 6. O-O Bd7 7. Nxc6 Bxc6
8. Bxc6+ bxc6 9. Qe2 e6 10. Qxe4 Qd7 11. Nd2 Nf6 12. Qa4 c5 13. Qxd7+ Nxd7 14.
Rd1 Be7 15. Nb3 Nb6 16. Be3 Rc8 17. Na5 O-O 18. a4 Bf6 19. c3 Nd5 20. Nc4 Rc6
21. a5 h6 22. a6 Rb8 23. Ra5 Be7 24. g3 f6 25. Rda1 Kf7 26. Kg2 e5 27. g4 Ke6
28. Kf3 Nc7 29. h4 Rb5 30. R5a4 Rb8 1/2-1/2

[Event "VI Open A"]
[Site "Genova ITA"]
[Date "2002.08.03"]
[Round "1"]
[White "Beltre, Pedro"]
[Black "Sbarra, Marco"]
[Result "0-1"]
[WhiteElo "2037"]
[BlackElo "2237"]
[PlyCount "74"]
[EventDate "2002.08.03"]

1. e4 c5 2. Nf3 Nc6 3. d4 cxd4 4. Nxd4 e6 5. c4 Nf6 6. Nxc6 bxc6 7. e5 Qa5+ 8.
Nc3 Qxe5+ 9. Be2 Be7 10. O-O O-O 11. Qd3 d5 12. f4 Qd6 13. a3 Ba6 14. Qf3 Bxc4
15. Bxc4 Qc5+ 16. Kh1 Qxc4 17. Re1 Rfe8 18. Bd2 a5 19. Rad1 Rab8 20. Bc1 Rb3
21. f5 Bc5 22. fxe6 fxe6 23. h3 Ne4 24. Kh2 Nxc3 25. bxc3 Rxc3 26. Qh5 g6 27.
Qe5 Bf2 28. Qf6 Bh4 29. Qf1 Bxe1 30. Qxe1 Rxc1 31. Rxc1 Qf4+ 32. Kh1 Qc7 33.
Rc5 e5 34. Qc3 d4 35. Rxc6 Qf7 36. Qxa5 d3 37. Rc7 d2 0-1

[Event "VI Open A"]
[Site "Genova ITA"]
[Date "2002.08.03"]
[Round "1"]
[White "Guido, Flavio"]
[Black "Scacco, Mauro"]
[Result "1-0"]
[WhiteElo "2327"]
[BlackElo "2070"]
[PlyCount "79"]
[EventDate "2002.08.03"]

1. e4 c5 2. c3 d5 3. exd5 Qxd5 4. d4 Nc6 5. Nf3 Bg4 6. Be2 e6 7. O-O Nf6 8. h3
Bh5 9. Be3 cxd4 10. cxd4 Be7 11. Nc3 Qd8 12. Qb3 O-O 13. Qxb7 Nb4 14. Qb5 Nc2
15. Rab1 Bg6 16. Bf4 Nxd4 17. Nxd4 Qxd4 18. Be5 Qc5 19. Rbc1 Rac8 20. Rfd1 Rfd8
21. Bf3 Rxd1+ 22. Rxd1 Qxb5 23. Nxb5 Rc5 24. Nxa7 Rxe5 25. Nc6 Rc5 26. Nxe7+
Kf8 27. Nc6 e5 28. b4 Rc2 29. Rd8+ Ne8 30. Nxe5 Ke7 31. Nc6+ Rxc6 32. Rxe8+
Kxe8 33. Bxc6+ Kd8 34. f3 Kc7 35. Be4 f5 36. Bd3 Kb6 37. a4 h5 38. h4 Be8 39.
a5+ Ka7 40. Bxf5 1-0

[Event "VI Open A"]
[Site "Genova ITA"]
[Date "2002.08.03"]
[Round "1"]
[White "Jowett, Peter E."]
[Black "Berni, Mauro"]
[Result "1/2-1/2"]
[WhiteElo "2204"]
[BlackElo "2035"]
[PlyCount "25"]
[EventDate "2002.08.03"]

1. e4 c5 2. Nf3 Nc6 3. d4 cxd4 4. Nxd4 e5 5. Nb5 a6 6. Nd6+ Bxd6 7. Qxd6 Qf6 8.
Qd2 Nge7 9. Qg5 Qxg5 10. Bxg5 f6 11. Bd2 d5 12. exd5 Nxd5 13. c3 1/2-1/2

[Event "VI Open A"]
[Site "Genova ITA"]
[Date "2002.08.03"]
[Round "1"]
[White "Mateo, Ramon"]
[Black "Goris, Antonius"]
[Result "1-0"]
[WhiteElo "2416"]
[BlackElo "2076"]
[PlyCount "39"]
[EventDate "2002.08.03"]

1. e4 e6 2. d4 d5 3. Nc3 Bb4 4. a3 Bxc3+ 5. bxc3 dxe4 6. Qg4 Nf6 7. Qxg7 Rg8 8.
Qh6 c5 9. Ne2 Rg6 10. Qd2 Nc6 11. a4 e5 12. dxc5 Qxd2+ 13. Bxd2 Be6 14. Ng3 h5
15. h4 a6 16. Bg5 Nd7 17. Nxe4 Na5 18. Be2 Bg4 19. Bxg4 hxg4 20. h5 1-0

[Event "VI Open A"]
[Site "Genova ITA"]
[Date "2002.08.03"]
[Round "1"]
[White "Miatello, Alberto"]
[Black "Durdevic, Radoslav"]
[Result "0-1"]
[WhiteElo "1878"]
[BlackElo "2124"]
[PlyCount "74"]
[EventDate "2002.08.03"]

1. e4 c5 2. Nf3 d6 3. d4 cxd4 4. Nxd4 Nf6 5. Nc3 a6 6. Bc4 b5 7. Bb3 e6 8. Be3
Be7 9. O-O O-O 10. f4 Qc7 11. f5 b4 12. Na4 e5 13. Ne2 Nbd7 14. Ng3 Bb7 15. Bg5
h6 16. Bxf6 Nxf6 17. Qf3 Bc6 18. c3 Qb7 19. Rfe1 Rab8 20. cxb4 Qxb4 21. Nc3 a5
22. Re2 Rfc8 23. Nh5 a4 24. Nxf6+ Bxf6 25. Bd5 a3 26. bxa3 Qd4+ 27. Qe3 Be8 28.
Qxd4 exd4 29. e5 Bxe5 30. Rxe5 dxe5 31. Ne4 Bc6 32. Bxc6 Rxc6 33. Nd2 Rb2 34.
Nb3 Rcc2 35. a4 Rxg2+ 36. Kf1 Rxh2 37. Kg1 Rhe2 0-1